| 000 -LEADER | |
|---|---|
| fixed length control field | 00471nam a22001817a 4500 |
| 005 - DATE AND TIME OF LATEST TRANSACTION | |
| control field | 20230110121333.0 |
| 008 - FIXED-LENGTH DATA ELEMENTS--GENERAL INFORMATION | |
| fixed length control field | 221220b |||||||| |||| 00| 0 eng d |
| 020 ## - INTERNATIONAL STANDARD BOOK NUMBER | |
| ISBN | 978-81319-029-2 |
| 041 ## - LANGUAGE CODE | |
| Language code of text/sound track or separate title | eng |
| 082 ## - DEWEY DECIMAL CLASSIFICATION NUMBER | |
| Classification number | 615.5 BAN-A |
| 100 ## - MAIN ENTRY--AUTHOR NAME | |
| Personal name | BANERJEE , D.D |
| 245 ## - TITLE STATEMENT | |
| Title | AUGMENTED TEXTBOOK OF HOMOEOPATHIC PHARMACY |
| 250 ## - EDITION STATEMENT | |
| Edition statement | 3rd ed. |
| 260 ## - PUBLICATION, DISTRIBUTION, ETC. (IMPRINT) | |
| Place of publication | NEW DELHI |
| Name of publisher | B. JAIN PUBLISHERS |
| 300 ## - PHYSICAL DESCRIPTION | |
| Number of Pages | 800;P. |
| 650 ## - SUBJECT ADDED ENTRY--TOPICAL TERM | |
| Topical Term | PHARMACY |
| General subdivision | D.PHARMA |
| 942 ## - ADDED ENTRY ELEMENTS (KOHA) | |
| Koha item type | Books |
| Lost status | Damaged status | Collection code | Home library | Current library | Shelving location | Date acquired | Source of acquisition | Cost, normal purchase price | Full call number | Accession Number | Koha item type |
|---|---|---|---|---|---|---|---|---|---|---|---|
| Reference | JRU Library | JRU Library | SHELF-104-B | 17/11/2022 | LOHIA BOOK INTERNATIONAL | 495.00 | 615.5-BAN-A | 27170 | Books | ||
| PHARMACY | JRU Library | JRU Library | SHELF-18-G | 09/11/2022 | LOHIA BOOK INTERNATIONAL | 495.00 | 615.5-BAN-A | 27171 | Books | ||
| PHARMACY | JRU Library | JRU Library | SHELF-18-G | 09/11/2022 | LOHIA BOOK INTERNATIONAL | 495.00 | 615.5-BAN-A | 27172 | Books | ||
| PHARMACY | JRU Library | JRU Library | SHELF-18-G | 09/11/2022 | LOHIA BOOK INTERNATIONAL | 495.00 | 615.5-BAN-A | 27173 | Books | ||
| PHARMACY | JRU Library | JRU Library | SHELF-18-G | 09/11/2022 | LOHIA BOOK INTERNATIONAL | 495.00 | 615.5-BAN-A | 27174 | Books |